000 00301nam a22001337a 4500
008 170404b xxu||||| |||| 00| 0 eng d
020 _a0024208302
041 _aeng
080 _24TH
_a574
100 _a9
101 _aSHM
245 _aSOIL FERTILITY AND FERTILIZERS
_cTISDALE, S.L
942 _2udc
_cBK
999 _c9632
_d9632